00939cam a2200253 a 450000100100000000500170001000800410002703500190006804000350008708200190012210000440014124500550018526000520024030000210029249000530031365000280036665000400039483000610043491000340049591000070052904900090053695201230054599900170066800001815320240422104515.0770208s1975 cr 000 j spa d a(DLC) 77452814 aDO-SdBNPbspacDLCdDLCdBNPHU aCh863.4bB142p1 aBaeza Flores, Alberto,d1914-19989756510aPasadomañana :brelatos /cAlberto Baeza Flores. aSan José, Costa Rica :bÉpoca y Ser,c1975. a182 p. ;c22 cm.0 aNarradores de América Latina.aTiempo de ahora 4aCuentos chilenos914649 4aLiteratura chilenaxSiglo xx939332 0aNarradores de América Latina.pTiempo de ahora.939333 aCatalogación por copia / LC aWM aBNGR 001054708MOaGRbGRcHDd2010-04-16iLF1l0oCh863.4 B142pp18153-10r2020-06-25w2020-06-25y4ZPréstamo en sala c17674d17674